00341nam a2200109Ia 4500008004100000082000800041100001700049245004700066942000600113952009700119999001500216240331s9999 xx 000 0 und d bVOI aBhasin,K. ed 0aVoices of Sanity :breaching out for peace cL 001040708LaWERCLbWERCLcSSCd2024-03-31l0o 303.6 VOIp6063r2024-03-31w2024-03-31yL c4478d4478